000 00540nam a2200181Ia 4500
003 IN-BaIIA
008 211028s9999 xx 000 0 eng d
020 _a978-81-224-0660-3
040 _cIIA Library
080 _a524
_bKRI
100 _aKrishna Swamy, K. S
_914717
245 0 _aAstrophysics
_ba modern perspective
_cK. S Krishna Swamy
260 _aNew Delhi
_bNew Age International
_c1996
300 _axi, 330p.
650 _aAstrophysics
_9794
650 _aPerspective
_920560
942 _cBK
999 _c11839
_d11839